00341nam a2200121Ia 4500008004100000041000800041082001600049100002500065245004500090260003900135300003300174365001200207240624s9999 xx 000 0 und d aeng a338.954 HIR aHIRASHIMA SHIGEMOCHI aINCLUSIVENESS IN INDIA A STRATEGY FOR GR c2011aNew YorkbPalgrave Macmillan axviii, : 272 : p. : cm. ; 22 cGBPb50